Airliner by Picture #1 - Statistics

General Stats
  • This quiz has been taken 134 times
  • The average score is 9 of 16
Answer Stats
Picture Answer % Correct
Airbus A380
97%
Boeing 737-400
92%
Airbus A321
74%
Boeing 777-300ER
72%
McDonnell-Douglas DC-10-30
69%
Boeing 757-200
68%
Embraer E190
60%
Concorde
57%
McDonnell-Douglas MD-82
52%
ATR 72-600
37%
deHavilland Comet 4
35%
Tupolev 154M
35%
Fokker 50
32%
Sukhoi Superjet 100
30%
Tupolev Tu-214
22%
Saab 2000
21%
No matching quizzes found
Score Distribution
Percent of People with Each Score
Percentile by Number Answered
Your Score History
You have not taken this quiz